000 00411nam a2200133Ia 4500
005 20260328101509.0
008 260328s9999||||xx |||||||||||||| ||und||
100 _aCongreso Internacional de Arquitectura Moderna
245 0 _aLa Carta de Atenas :
_b El Urbanismo de los CIAM /
_cCongreso Internacional de Arquitectura Moderna
260 _bContemporánea
300 _a143 p.
650 _aURBANISMO
942 _cBK
999 _c9143
_d9143